Thermodynamics of structure (Record no. 14356)

000 -LEADER
fixed length control field 00581nam a22002297a 4500
001 - CONTROL NUMBER
control field 14356
003 - CONTROL NUMBER IDENTIFIER
control field BD-DhUET
008 - FIXED-LENGTH DATA ELEMENTS--GENERAL INFORMATION
fixed length control field 150308b xxu||||| |||| 00| 0 eng d
040 ## - CATALOGING SOURCE
Original cataloging agency DLC
Transcribing agency DLC
Modifying agency BD-DhUET
082 ## - DEWEY DECIMAL CLASSIFICATION NUMBER
Classification number 536
Item number BRO/1964
100 ## - MAIN ENTRY--PERSONAL NAME
Personal name Brophy, Jere H.
245 ## - TITLE STATEMENT
Title Thermodynamics of structure
250 ## - EDITION STATEMENT
Edition statement 1st ed.
260 ## - PUBLICATION, DISTRIBUTION, ETC. (IMPRINT)
Place of publication, distribution, etc. New Delhi
Name of publisher, distributor, etc. Wiley Eastern
Date of publication, distribution, etc. 1966
300 ## - PHYSICAL DESCRIPTION
Extent x, 216 p.
Other physical details illus.
500 ## - GENERAL NOTE
General note Volume II
504 ## - BIBLIOGRAPHY, ETC. NOTE
Bibliography, etc Includes bibliographies
650 #0 - SUBJECT ADDED ENTRY--TOPICAL TERM
Topical term or geographic name as entry element Thermodynamics : Physics
700 ## - ADDED ENTRY--PERSONAL NAME
Personal name Rose, Robert M.
700 ## - ADDED ENTRY--PERSONAL NAME
Personal name Wulff, John
942 ## - ADDED ENTRY ELEMENTS (KOHA)
Koha item type General Book
Holdings
Damaged status Date acquired Withdrawn status Price effective from Copy number Shelving location Not for loan Koha item type Koha date last seen Lost status Koha normalized classification for sorting Source of classification or shelving scheme Location (home branch) Koha full call number Piece designation (barcode) Sublocation or collection (holding branch)
 2015-03-08 2015-03-081Circulation section General Book2015-03-08 536_000000000000000_BRO_1964 Central Library, BUET536/BRO/196425891Central Library, BUET
 2015-03-08 2015-03-082Circulation section General Book2015-03-08 536_000000000000000_BRO_1964 Central Library, BUET536/BRO/196435244Central Library, BUET
 2015-03-08 2015-03-083Circulation section General Book2015-03-08 536_000000000000000_BRO_1964 Central Library, BUET536/BRO/196435206Central Library, BUET
 2015-03-09 2015-03-094Circulation section General Book2015-03-09 536_000000000000000_BRO_1964 Central Library, BUET536/BRO/196435246Central Library, BUET
 2015-05-14 2015-05-145Circulation section General Book2015-05-14 536_000000000000000_BRO_1964 Central Library, BUET536/BRO/196420982Central Library, BUET
 2015-07-25 2015-07-256Circulation section General Book2015-07-25 536_000000000000000_BRO_1964 Central Library, BUET536/ BRO/196435240Central Library, BUET